00608nam a2200181Ia 4500008004100000020001500041041001200056082001600068100001600084245008200100260002500182300000800207650000700215700002200222942000700244999001500251952016000266221030s9999 xx 000 0 und d a0074603949 aEnglish a105.23bSud aA. Sudhakar 0aCircuits & Networks : Analysis & Synthesiscby A. Sudhakar, S. P. Shyammohan bTMHaNew Delhic1999 a754 aEE aS. P. Shyammohan cBK c7806d7806 pBE 492g165.00l0o105.23 Sudr2024-06-13 00:00:00w2022-10-30yBK003Print4071aMIETLIBbMIETLIBcBL-Second, FL-1, CUP-79, SH-4, R-4d1999-11-1910HBE